000 00829nam a2200253 a 4500
001 000012349
005 20200929163018.0
008 091111s1999 ec 000 f spa d
020 _a9978621571
040 _aDO-SdBNP
_bspa
_cBNPHU
082 _aE863.44
_bF363L
100 1 _aFernández, Jorge,
_d1912-1979
_929020
245 1 4 _aLos que viven por sus manos :
_bnovela /
_cJorge Fernández.
260 _aQuito :
_bCasa de la Cultura Ecuatoriana "Benjamín Carrión",
_c1999.
300 _a531 p. ;
_c21 cm.
490 1 _aRescate del olvido
_vv.2
490 1 _aRelatos y novelas
_vv. 2
650 4 _aNovela ecuatoriana
_95017
650 4 _aLiteratura ecuatoriana
_93938
830 0 _aRescate del olvido
_vv.2
_929021
830 0 _aRelatos y novelas
_vv.2
_929022
910 _aValidado. Control de calidad MFF
049 _aBNGR
999 _c12006
_d12006